Study of personality traits of adolescent at senior secondary level in government schools at Mohindergarh (Record no. 89049)

MARC details
000 -LEADER
fixed length control field 00378nam a2200133Ia 4500
008 - FIXED-LENGTH DATA ELEMENTS--GENERAL INFORMATION
fixed length control field 230917s9999||||xx |||||||||||||| ||und||
040 ## - CATALOGING SOURCE
-- 97113
Original cataloging agency VIVEKANANDA LIBRARY
041 ## - Language
-- English
082 ## - DDC NUMBER
Classification number 370 Y1S
100 ## - MAIN ENTRY--PERSONAL NAME
Personal name Yadav, Parveen
245 #0 - TITLE STATEMENT
Title Study of personality traits of adolescent at senior secondary level in government schools at Mohindergarh
300 ## - PHYSICAL DESCRIPTION
Pages v. p.
942 ## - ADDED ENTRY ELEMENTS (KOHA)
Koha item type Thesis
Holdings
Withdrawn status Lost status Damaged status Not for loan Location (home branch) Sublocation or collection (holding branch) Shelving location Date acquired Koha issues (times borrowed) Koha full call number Accession No. Koha date last seen Koha item type
        VIVEKANANDA LIBRARY VIVEKANANDA LIBRARY Reference 29/08/2003   370 Y1S 169476 17/09/2023 Thesis
© Designed and Maintained by Vivekananda Library, MDU Rohtak